Gallo = (Record no. 21388)

MARC details
000 -LEADER
fixed length control field 01749nam a2200469Ia 4500
001 - CONTROL NUMBER
control field sjds1092438
003 - CONTROL NUMBER IDENTIFIER
control field sjds
005 - DATE AND TIME OF LATEST TRANSACTION
control field 20240319201130.0
008 - FIXED-LENGTH DATA ELEMENTS--GENERAL INFORMATION
fixed length control field 041105t20042004onca j 000 0 eng d
020 ## - INTERNATIONAL STANDARD BOOK NUMBER
International Standard Book Number 088899558X (hard)
020 ## - INTERNATIONAL STANDARD BOOK NUMBER
International Standard Book Number 9780888995582 (hard)
035 ## - SYSTEM CONTROL NUMBER
System control number 247116
035 ## - SYSTEM CONTROL NUMBER
System control number (OCoLC)52459904
035 ## - SYSTEM CONTROL NUMBER
System control number 247116
040 ## - CATALOGING SOURCE
Original cataloging agency PWmBRO
Modifying agency UtOrBLW
Transcribing agency sjds
041 1# - LANGUAGE CODE
Language code of text/sound track or separate title eng
-- spa
Language code of original spa
049 ## - LOCAL HOLDINGS (OCLC)
Holding library IFAB
099 ## - LOCAL FREE-TEXT CALL NUMBER (OCLC)
Classification number ESPANOL PICTURE BOOKS ELIAS LUJAN
100 1# - MAIN ENTRY--PERSONAL NAME
Personal name Lujan, Jorge,
Relator term author.
245 10 - TITLE STATEMENT
Title Gallo =
Remainder of title Rooster /
Statement of responsibility, etc. by/por Jorge Lujan ; pictures by/illustado por Manuel Monroy ; translation by/traduccion de Elisa Amado.
246 31 - VARYING FORM OF TITLE
Title proper/short title Rooster
260 ## - PUBLICATION, DISTRIBUTION, ETC. (IMPRINT)
Place of publication, distribution, etc. Berkeley, Calif. :Douglas & McIntyre ; distributed in the USA by Publishers Group West, c2004.
264 #1 - PRODUCTION, PUBLICATION, DISTRIBUTION, MANUFACTURE, AND COPYRIGHT NOTICE
Place of production, publication, distribution, manufacture Toronto ;
-- Berkeley, Calif. :
Name of producer, publisher, distributor, manufacturer Douglas & McIntyre,
Date of production, publication, distribution, manufacture, or copyright notice [2004]
264 #2 - PRODUCTION, PUBLICATION, DISTRIBUTION, MANUFACTURE, AND COPYRIGHT NOTICE
Place of production, publication, distribution, manufacture Berkeley, Calif. :
Name of producer, publisher, distributor, manufacturer Distributed in the USA by Publishers Group West.
264 #4 - PRODUCTION, PUBLICATION, DISTRIBUTION, MANUFACTURE, AND COPYRIGHT NOTICE
Date of production, publication, distribution, manufacture, or copyright notice c2004
300 ## - PHYSICAL DESCRIPTION
Extent 24 unnumbered pages :
Other physical details color illustrations ;
Dimensions 20 x 22 cm
336 ## - CONTENT TYPE
Content type term text
Content type code txt
Source rdacontent
337 ## - MEDIA TYPE
Media type term unmediated
Media type code n
Source rdamedia
338 ## - CARRIER TYPE
Carrier type term volume
Carrier type code nc
Source rdacarrier
500 ## - GENERAL NOTE
General note "Groundwood books."
520 ## - SUMMARY, ETC.
Summary, etc. A mythical poem about a rooster and the beginning of dawn and the ending of the day.
546 ## - LANGUAGE NOTE
Language note In English and Spanish.
650 #0 - SUBJECT ADDED ENTRY--TOPICAL TERM
Topical term or geographic name as entry element Roosters
Form subdivision Juvenile poetry.
650 #0 - SUBJECT ADDED ENTRY--TOPICAL TERM
Topical term or geographic name as entry element Children's poetry, Spanish.
650 #0 - SUBJECT ADDED ENTRY--TOPICAL TERM
Topical term or geographic name as entry element Spanish language materials
General subdivision Bilingual
Form subdivision Juvenile literature.
650 #7 - SUBJECT ADDED ENTRY--TOPICAL TERM
Topical term or geographic name as entry element Gallos
Form subdivision Poesía juvenil.
Source of heading or term bidex
650 #7 - SUBJECT ADDED ENTRY--TOPICAL TERM
Topical term or geographic name as entry element Poesía infantil espanola.
Source of heading or term bidex
650 #7 - SUBJECT ADDED ENTRY--TOPICAL TERM
Topical term or geographic name as entry element Materiales bilingues en espanol
Form subdivision Literatura juvenil.
Source of heading or term bidex
700 1# - ADDED ENTRY--PERSONAL NAME
Personal name Monroy, Manuel.
700 1# - ADDED ENTRY--PERSONAL NAME
Personal name Amado, Elisa.
942 ## - ADDED ENTRY ELEMENTS (KOHA)
Koha item type Libro/Book
Holdings
Withdrawn status Lost status Damaged status Not for loan Home library Current library Date acquired Inventory number Total Checkouts Barcode Date last seen Price effective from Koha item type Date checked out
        Barbudos -- Satellite Barbudos -- Satellite 06/06/2019 Inventory date: 7/7/25   35801581 16/02/2022 06/06/2019 Libro/Book  
        San Juan Del Sur -- Mobile Ojochal 03/03/2024   3 33016000 10/12/2024 03/03/2024 Libro/Book 09/07/2024

Powered by Koha